[Event "Wch Seniors 65 28th"]
[Site "Bled"]
[Date "2018.11.23"]
[Round "6"]
[White "Ramusch, Arnulf"]
[Black "Tsynman, Boris"]
[Result "1/2-1/2"]
[WhiteElo "1954"]
[BlackElo "2074"]
[PlyCount "133"]
[EventDate "2018.11.18"]
[EventType "swiss"]
[EventRounds "11"]
[EventCountry "SLO"]
[SourceTitle "CBM 187 Extra"]
[Source "ChessBase"]
[SourceDate "2018.11.04"]
[SourceVersion "1"]
[SourceVersionDate "2018.11.04"]
[SourceQuality "1"]

1. d4 Nf6 2. c4 g6 3. Nc3 Bg7 4. e4 d6 5. h3 0-0 6. Nf3 Na6 7. Be2 c5 8. Be3 b6 9. d5 Nc7 10. Qd2 Re8 11. 0-0 a6 12. a4 Rb8 13. Bd3 e5 14. Bg5 Qe7 15. Nh2 Qf8 16. Be2 h6 17. Be3 Kh7 18. Ng4 Nxg4 19. hxg4 Bd7 20. f3 Qe7 21. g3 Rh8 22. Kg2 g5 23. Rh1 Kg8 24. Bf2 a5 25. Nd1 Na6 26. Ne3 Nb4 27. b3 Qf6 28. Rh5 Kf8 29. Rah1 Ke8 30. Nf5 Bxf5 31. gxf5 Qe7 32. Be3 f6 33. Kf2 Kd7 34. Bf1 Kc7 35. Bh3 Rbe8 36. Bg4 Ref8 37. R5h2 Kb7 38. Bh5 Kc7 39. Ke1 Na6 40. Kd1 Nb8 41. Kc2 Nd7 42. Re2 Rfg8 43. Kb2 Rd8 44. Ka3 Rdg8 45. Qc1 Kb7 46. Bd2 Kc7 47. Qf1 Kb7 48. f4 Bf8 49. Qe1 Ka6 50. Rf1 Bg7 51. Ref2 Bf8 52. Qe2 Bg7 53. Qf3 Rf8 54. Bc3 Kb7 55. Qh1 Ka6 56. Re1 Kb7 57. Ree2 Ka6 58. Qa1 Kb7 59. fxe5 fxe5 60. Qh1 Nf6 61. Rh2 Ka6 62. Kb2 Kb7 63. Kc2 Ka6 64. Kd3 Kb7 65. Bg6 Ng4 66. Bh5 Nxh2 67. Qxh2 1/2-1/2

[Event "Wch Seniors 65 28th"]
[Site "Bled"]
[Date "2018.11.22"]
[Round "5"]
[White "Nickel, Arno"]
[Black "Ramusch, Arnulf"]
[Result "1/2-1/2"]
[WhiteElo "2100"]
[BlackElo "1954"]
[PlyCount "47"]
[EventDate "2018.11.18"]
[EventType "swiss"]
[EventRounds "11"]
[EventCountry "SLO"]
[SourceTitle "CBM 187 Extra"]
[Source "ChessBase"]
[SourceDate "2018.11.04"]
[SourceVersion "1"]
[SourceVersionDate "2018.11.04"]
[SourceQuality "1"]

1. c4 e6 2. e3 d5 3. Nf3 Nf6 4. d4 c6 5. Nc3 Bb4 6. Qb3 Qe7 7. a3 Bd6 8. Be2 0-0 9. 0-0 Nbd7 10. Qc2 dxc4 11. Bxc4 e5 12. Bd3 Re8 13. Ng5 h6 14. Nge4 Nxe4 15. Nxe4 Bc7 16. Bd2 exd4 17. exd4 Nf6 18. Rfe1 Nxe4 19. Bxe4 Be6 20. Rad1 Qd7 21. Bc3 Bd5 22. Bh7+ Kh8 23. Bf5 Qd6 24. g3 1/2-1/2

[Event "Wch Seniors 65 28th"]
[Site "Bled"]
[Date "2018.11.18"]
[Round "1"]
[White "Werner, Clemens"]
[Black "Ramusch, Arnulf"]
[Result "1-0"]
[WhiteElo "2266"]
[BlackElo "1954"]
[PlyCount "87"]
[EventDate "2018.11.18"]
[EventType "swiss"]
[EventRounds "11"]
[EventCountry "SLO"]
[SourceTitle "CBM 187 Extra"]
[Source "ChessBase"]
[SourceDate "2018.11.04"]
[SourceVersion "1"]
[SourceVersionDate "2018.11.04"]
[SourceQuality "1"]

1. e4 e6 2. d4 d5 3. Nc3 Bb4 4. e5 Nc6 5. f4 b6 6. Nf3 Bb7 7. Bb5 Qd7 8. Bd2 h5 9. Qe2 Nh6 10. Nd1 Be7 11. Ne3 a6 12. Ba4 Ng4 13. c3 Nxe3 14. Bxe3 b5 15. Bc2 g6 16. 0-0 Na5 17. Bd3 Nc4 18. Bf2 Rc8 19. Bh4 c5 20. Rac1 Na5 21. dxc5 Bxc5+ 22. Kh1 Be7 23. Qf2 Nc6 24. Bf6 Rg8 25. Rcd1 Qd8 26. Qh4 Nb8 27. Bg5 Qc7 28. Rfe1 Nc6 29. Bf6 Bxf6 30. exf6 Kd8 31. Ng5 Ke8 32. f5 gxf5 33. Bxf5 Nd8 34. Rd4 Qd6 35. Qxh5 e5 36. Bxc8 Bxc8 37. Nf3 Qxf6 38. Qxe5+ Qxe5 39. Rxe5+ Ne6 40. Rdxd5 Bb7 41. Rd2 Bxf3 42. gxf3 Ke7 43. Re4 f5 44. Re1 1-0

[Event "Wch Seniors 65 26th"]
[Site "Marianske Lazne"]
[Date "2016.11.22"]
[Round "4"]
[White "Dubinsky, Alexander"]
[Black "Ramusch, Arnulf"]
[Result "1-0"]
[WhiteElo "1858"]
[BlackElo "2001"]
[PlyCount "119"]
[EventDate "2016.11.19"]
[EventType "swiss"]
[EventRounds "11"]
[EventCountry "CZE"]
[SourceTitle "CBM 175 Extra"]
[Source "ChessBase"]
[SourceDate "2016.12.12"]
[SourceVersion "1"]
[SourceVersionDate "2016.12.12"]
[SourceQuality "1"]

1. f4 d5 2. Nf3 c5 3. b3 Nc6 4. Bb2 e6 5. e3 a6 6. Nc3 Nf6 7. Ne2 Bd6 8. Ng3 0-0 9. a3 Bd7 10. Bd3 Re8 11. Ne5 Qc7 12. Nxc6 Bxc6 13. Bxf6 gxf6 14. Nh5 f5 15. Nf6+ Kg7 16. Qh5 Rh8 17. Qg5+ Kf8 18. Qh6+ Ke7 19. Nxh7 Rag8 20. Qf6+ Ke8 21. Ng5 Qe7 22. Qxe7+ Kxe7 23. Kf2 b5 24. Nf3 f6 25. c4 bxc4 26. bxc4 d4 27. Rab1 dxe3+ 28. dxe3 Bc7 29. h4 Rh5 30. Be2 Rh6 31. g3 e5 32. Rhd1 Rhg6 33. Rg1 Rd8 34. h5 Rh6 35. Nh4 Be4 36. Rb2 Ke6 37. Rd1 Rg8 38. Ng6 Re8 39. Nh4 Rg8 40. Ng2 Bc6 41. Rg1 Rh7 42. Nh4 Be4 43. g4 fxg4 44. Bxg4+ Ke7 45. f5 Rd8 46. Be2 Bc6 47. Ng6+ Kf7 48. Rd1 Ke8 49. Rg1 Rh6 50. Nh4 Kf7 51. Rg6 Rdh8 52. Rb1 Kf8 53. Rbg1 Be8 54. Rg7 R8h7 55. Rg8+ Kf7 56. Bf3 Ke7 57. Ng6+ Bxg6 58. fxg6 Rh8 59. Rxh8 Rxh8 60. g7 1-0

[Event "Wch Seniors 65 26th"]
[Site "Marianske Lazne"]
[Date "2016.11.20"]
[Round "2"]
[White "Vagner, Grigorij"]
[Black "Ramusch, Arnulf"]
[Result "1-0"]
[WhiteElo "1849"]
[BlackElo "2001"]
[PlyCount "78"]
[EventDate "2016.11.19"]
[EventType "swiss"]
[EventRounds "11"]
[EventCountry "CZE"]
[SourceTitle "CBM 175 Extra"]
[Source "ChessBase"]
[SourceDate "2016.12.12"]
[SourceVersion "1"]
[SourceVersionDate "2016.12.12"]
[SourceQuality "1"]

1. e4 c5 2. Nf3 e6 3. d4 cxd4 4. Nxd4 a6 5. Nc3 b5 6. a3 Bb7 7. Bd3 Ne7 8. 0-0 Nbc6 9. Be3 Nxd4 10. Bxd4 Nc6 11. Be3 Be7 12. f4 Rc8 13. Qg4 0-0 14. Ne2 d6 15. c3 g6 16. Rad1 Re8 17. Qh3 Qc7 18. f5 exf5 19. exf5 Qd8 20. Nf4 Ne5 21. Bd4 Bg5 22. fxg6 hxg6 23. Bb1 Kg7 24. Nh5+ Kg8 25. Ng3 Bf6 26. Nf5 Rc7 27. Nh6+ Kg7 28. Bb6 Bc8 29. Nf5+ Bxf5 30. Bxf5 Rh8 31. Qg3 Bg5 32. Bxc7 Qxc7 33. Qxg5 Kf8 34. Qe3 gxf5 35. Rxf5 Qe7 36. Qd4 Rh6 37. Rdf1 Rg6 38. h3 Qb7 39. R1f2 Rg3 1-0

[Event "Wolfsberg op"]
[Site "Wolfsberg"]
[Date "2014.12.29"]
[Round "4"]
[White "Ramusch, Arnulf"]
[Black "Wegerer, Fred"]
[Result "1/2-1/2"]
[WhiteElo "1981"]
[BlackElo "2212"]
[PlyCount "35"]
[EventDate "2014.12.27"]
[EventType "swiss"]
[EventRounds "5"]
[EventCountry "AUT"]
[SourceTitle "CBM 164 Extra"]
[Source "ChessBase"]
[SourceDate "2015.03.02"]
[SourceVersion "1"]
[SourceVersionDate "2015.03.02"]
[SourceQuality "1"]

1. d4 g6 2. c4 Bg7 3. Nc3 c5 4. d5 Bxc3+ 5. bxc3 f5 6. Qc2 Nf6 7. g3 d6 8. Bg2 Nbd7 9. Nf3 Qa5 10. 0-0 Nb6 11. Nd2 Bd7 12. e4 0-0-0 13. Re1 Rde8 14. e5 dxe5 15. Rxe5 Ng4 16. Re1 e5 17. Nb3 Qa4 18. Bg5 1/2-1/2

[Event "Wolfsberg op"]
[Site "Wolfsberg"]
[Date "2013.12.30"]
[Round "6"]
[White "Savio, Alfred"]
[Black "Ramusch, Arnulf"]
[Result "1/2-1/2"]
[WhiteElo "2025"]
[BlackElo "1975"]
[PlyCount "25"]
[EventDate "2013.12.26"]
[EventType "swiss"]
[EventRounds "7"]
[EventCountry "AUT"]
[SourceTitle "CBM 158 Extra"]
[Source "ChessBase"]
[SourceDate "2014.02.28"]
[SourceVersion "1"]
[SourceVersionDate "2014.02.28"]
[SourceQuality "1"]

1. e4 e6 2. Nc3 d5 3. Nf3 d4 4. Ne2 c5 5. Ng3 Nc6 6. Bb5 Bd7 7. 0-0 a6 8. Bxc6 Bxc6 9. d3 f6 10. c3 Ne7 11. cxd4 cxd4 12. Bd2 Ng6 13. Nh5 1/2-1/2

[Event "Wolfsberg op"]
[Site "Wolfsberg"]
[Date "2013.12.27"]
[Round "2"]
[White "Wegerer, Fred"]
[Black "Ramusch, Arnulf"]
[Result "1-0"]
[WhiteElo "2157"]
[BlackElo "1975"]
[PlyCount "148"]
[EventDate "2013.12.26"]
[EventType "swiss"]
[EventRounds "7"]
[EventCountry "AUT"]
[SourceTitle "CBM 158 Extra"]
[Source "ChessBase"]
[SourceDate "2014.02.28"]
[SourceVersion "1"]
[SourceVersionDate "2014.02.28"]
[SourceQuality "1"]

1. e4 e6 2. d4 d5 3. e5 c5 4. c3 Qb6 5. Nf3 Nc6 6. a3 c4 7. Nbd2 Na5 8. Be2 Ne7 9. 0-0 h6 10. Ne1 Bd7 11. g3 Qc7 12. Ng2 Nc8 13. Ne3 Nb6 14. f4 g6 15. Rf2 Ba4 16. Qf1 0-0-0 17. Rb1 Kb8 18. Nf3 Nb3 19. Bd2 Nxd2 20. Nxd2 Rc8 21. Qh3 Be7 22. g4 Qd7 23. Kh1 Qd8 24. Rbf1 Bd7 25. Bd1 Bh4 26. Rg2 Be7 27. Qg3 Ba4 28. Bc2 Bd7 29. Nf3 Na4 30. Bd1 Qb6 31. Qf2 Qc7 32. f5 Nb6 33. Bc2 Rcg8 34. Rfg1 Be8 35. Qe1 Ba4 36. Bb1 Bd8 37. Rf1 h5 38. fxe6 fxe6 39. g5 Be8 40. Nh4 Qg7 41. Qg3 Rf8 42. Rgf2 Rxf2 43. Rxf2 Rg8 44. Neg2 Nd7 45. Bc2 Nf8 46. Nf4 Qe7 47. Nf3 Nh7 48. h4 Nf8 49. Qh3 Bf7 50. Qf1 Qd7 51. Nd2 Rg7 52. Kh2 Qe8 53. Qb1 Nd7 54. Nf1 Nb6 55. Ne3 Be7 56. Qf1 a6 57. Qh3 Qd7 58. Kg3 Ka7 59. Qf1 Be8 60. Qb1 Bf7 61. Bxg6 Bxg6 62. Nxg6 Nc8 63. Nxe7 Nxe7 64. Rf6 Ng8 65. Rf2 Qe7 66. Kh3 Rxg5 67. hxg5 Qxg5 68. Qe1 Nh6 69. Rg2 Qf4 70. Qg3 Qe4 71. Rf2 Qh1+ 72. Qh2 Qe4 73. Qf4 Qh1+ 74. Rh2 Qg1 1-0

[Event "Wch Seniors 23rd"]
[Site "Opatija"]
[Date "2013.11.21"]
[Round "9"]
[White "Ramusch, Arnulf"]
[Black "Kiss, Istvan"]
[Result "1-0"]
[WhiteElo "1979"]
[BlackElo "1880"]
[PlyCount "107"]
[EventDate "2013.11.12"]
[EventType "swiss"]
[EventRounds "11"]
[EventCountry "CRO"]
[SourceTitle "CBM 157 Extra"]
[Source "ChessBase"]
[SourceDate "2013.12.19"]
[SourceVersion "1"]
[SourceVersionDate "2013.12.19"]
[SourceQuality "1"]

1. d4 Nf6 2. Nf3 d6 3. c4 Nbd7 4. Nc3 e5 5. e3 Be7 6. Be2 c6 7. 0-0 0-0 8. Qc2 Re8 9. d5 Bf8 10. e4 h6 11. h3 cxd5 12. cxd5 Nb6 13. Be3 Bd7 14. Nd2 Qe7 15. Rfc1 Rec8 16. Qd1 Rc7 17. a4 Ne8 18. a5 Nc8 19. Bg4 Bxg4 20. hxg4 Qd7 21. f3 Nf6 22. Qe2 a6 23. Nc4 Qd8 24. b3 Nd7 25. b4 Qh4 26. Bf2 Qg5 27. g3 g6 28. Be3 Qf6 29. Na4 Kg7 30. Kg2 g5 31. Bf2 Rb8 32. Ncb6 Qd8 33. Nc4 Be7 34. Ne3 Rxc1 35. Rxc1 Kh7 36. Nf5 Bf8 37. Be3 Ra8 38. Qc2 b5 39. Qc6 Na7 40. Bxa7 bxa4 41. Be3 a3 42. Qa4 a2 43. Qxa2 Rc8 44. Qa4 Nb8 45. Bb6 Qe8 46. Qxe8 Rxe8 47. Rc7 Kg6 48. Kf2 Kf6 49. Ke2 Be7 50. Nxh6 Rh8 51. Nf5 Rh2+ 52. Ke3 Bd8 53. Rb7 Bxb6+ 54. Rxb6 1-0

[Event "Wch Seniors 23rd"]
[Site "Opatija"]
[Date "2013.11.19"]
[Round "7"]
[White "Ramusch, Arnulf"]
[Black "Petzold, Hans"]
[Result "1/2-1/2"]
[WhiteElo "1979"]
[BlackElo "2130"]
[PlyCount "43"]
[EventDate "2013.11.12"]
[EventType "swiss"]
[EventRounds "11"]
[EventCountry "CRO"]
[SourceTitle "CBM 157 Extra"]
[Source "ChessBase"]
[SourceDate "2013.12.19"]
[SourceVersion "1"]
[SourceVersionDate "2013.12.19"]
[SourceQuality "1"]

1. d4 e6 2. Nf3 Nf6 3. e3 b6 4. Bd3 Bb7 5. 0-0 Be7 6. Nbd2 d6 7. b3 Nbd7 8. Bb2 c5 9. c4 Qc7 10. Rc1 0-0 11. Ne1 Rfe8 12. f4 Rad8 13. Qe2 d5 14. Nef3 Ne4 15. Ne5 f6 16. Ng4 Bf8 17. Nxe4 dxe4 18. Bb1 f5 19. Ne5 Nxe5 20. dxe5 Rd7 21. Rfd1 Red8 22. Bc3 1/2-1/2

[Event "Wch Seniors 19th"]
[Site "Condino"]
[Date "2009.11.06"]
[Round "10"]
[White "Beltrami, Nerio"]
[Black "Ramusch, Arnulf"]
[Result "1-0"]
[WhiteElo "2032"]
[BlackElo "1960"]
[PlyCount "83"]
[EventDate "2009.10.27"]
[EventType "swiss"]
[EventRounds "11"]
[EventCountry "ITA"]
[SourceTitle "EXT 2010"]
[Source "ChessBase"]
[SourceDate "2010.11.25"]
[SourceVersion "1"]
[SourceVersionDate "2010.11.25"]
[SourceQuality "1"]

1. e4 c5 2. Nf3 Nc6 3. Bb5 e6 4. 0-0 Nge7 5. c3 a6 6. Ba4 b5 7. Bc2 Bb7 8. d4 cxd4 9. cxd4 d5 10. e5 Qb6 11. Nc3 Ng6 12. Be3 Na5 13. h4 Bb4 14. Ne2 Nc4 15. Bc1 Qc7 16. h5 Nf8 17. a3 Be7 18. b3 Nb6 19. Bb2 Rc8 20. Bd3 Qd8 21. Qd2 g6 22. Bc3 g5 23. g4 Nfd7 24. Ba5 h6 25. a4 Bc6 26. Nc3 Nc4 27. bxc4 Qxa5 28. axb5 Qc7 29. bxc6 Qxc6 30. c5 Ra8 31. Qe2 a5 32. Ra4 0-0 33. Rfa1 Nxc5 34. dxc5 Bxc5 35. Nb5 Qb6 36. Nfd4 f5 37. gxf5 exf5 38. e6 f4 39. Qe5 Be7 40. Nf5 Bf6 41. Nxh6+ Kg7 42. Qf5 1-0

[Event "Wch Seniors 19th"]
[Site "Condino"]
[Date "2009.10.31"]
[Round "5"]
[White "Ramusch, Arnulf"]
[Black "Toefferl, Heimo"]
[Result "0-1"]
[WhiteElo "1960"]
[BlackElo "2121"]
[PlyCount "86"]
[EventDate "2009.10.27"]
[EventType "swiss"]
[EventRounds "11"]
[EventCountry "ITA"]
[SourceTitle "EXT 2010"]
[Source "ChessBase"]
[SourceDate "2010.11.25"]
[SourceVersion "1"]
[SourceVersionDate "2010.11.25"]
[SourceQuality "1"]

1. d4 d5 2. c4 c6 3. Nf3 Nf6 4. Qc2 g6 5. Bg5 Nbd7 6. e3 a6 7. h3 Bg7 8. Nc3 0-0 9. Bf4 dxc4 10. Bxc4 b5 11. Bd3 Bb7 12. Ne4 Nxe4 13. Bxe4 Rc8 14. 0-0 f5 15. Bd3 c5 16. Ng5 Qb6 17. Be2 h6 18. Nf3 Bxf3 19. Bxf3 cxd4 20. Qb3+ Kh7 21. exd4 Bxd4 22. Rad1 Nc5 23. Qb4 e5 24. Rxd4 exd4 25. Qxd4 Rfd8 26. Qe3 Re8 27. Qd4 Qd8 28. Bd6 Ne4 29. Qa7+ Kg8 30. Bf4 Qf6 31. Qb7 g5 32. Be3 Qc6 33. Qa7 Rc7 34. Qd4 Rd7 35. Qb4 Qc4 36. Qa5 Qe6 37. Bd1 Qf6 38. Bb3+ Kg7 39. Rc1 f4 40. Bb6 Qxb2 41. Rc6 Nf6 42. Qxa6 Re1+ 43. Kh2 Qb1 0-1

[Event "Jacques Lemans op 21st"]
[Site "St Veit"]
[Date "2002.07.10"]
[Round "5"]
[White "Ramusch, Arnulf"]
[Black "Eichert, Wolfgang"]
[Result "0-1"]
[WhiteElo "2070"]
[BlackElo "2196"]
[PlyCount "78"]
[EventDate "2002.07.06"]
[EventType "swiss"]
[EventRounds "9"]
[EventCountry "AUT"]
[SourceTitle "CBM 089 Extra"]
[Source "ChessBase"]
[SourceDate "2002.09.10"]
[SourceVersion "2"]
[SourceVersionDate "2002.09.10"]
[SourceQuality "1"]

1. e4 c5 2. Nf3 Nc6 3. Bb5 g6 4. Bxc6 bxc6 5. 0-0 Bg7 6. Re1 e5 7. c3 Qb6 8. Na3 Ba6 9. d3 Ne7 10. Nc4 Qc7 11. Qa4 Bb5 12. Qc2 0-0 13. Na3 Rab8 14. Be3 d6 15. Nxb5 cxb5 16. a4 b4 17. Nd2 f5 18. f3 Kh8 19. Rec1 Rb7 20. Qd1 Qd7 21. Bf2 Nc6 22. Nc4 Bh6 23. Rc2 Rfb8 24. d4 bxc3 25. bxc3 exd4 26. g3 d5 27. exd5 Qxd5 28. cxd4 cxd4 29. f4 Bg7 30. Rcc1 Rb4 31. Nd2 d3 32. Rab1 a5 33. Rc5 Rxb1 34. Nxb1 Qd6 35. Nc3 Nb4 36. Nb5 Qe7 37. Qb3 d2 38. Re5 Bxe5 39. fxe5 Rc8 0-1